[Event "8th Essent op"]
[Site "Hoogeveen NED"]
[Date "2004.10.21"]
[Round "7.9"]
[White "Siebrecht, Sebastian"]
[Black "Loffler, Stefan"]
[Result "0-1"]
[WhiteElo "2366"]
[BlackElo "2432"]
[EventDate "2004.10.15"]
[PlyCount "114"]

1.c4 c5 2.Nf3 b6 3.Nc3 Bb7 4.g3 Bxf3 5.exf3 Nc6 6.Bg2 g6 7.f4 Bg7 8.O-O e6
9.a3 Nge7 10.b4 O-O 11.Rb1 d6 12.Ne2 Rc8 13.d3 Nf5 14.Bd2 Qd7 15.Re1 Rfd8 
16.Nc3 Ncd4 17.b5 Ne7 18.a4 d5 19.cxd5 exd5 20.a5 bxa5 21.Na4 Re8 22.b6 
Ne6 23.Bxa5 Nc6 24.bxa7 Nxa5 25.Nb6 Qxa7 26.Nxc8 Rxc8 27.Qa4 Bc3 28.Bxd5 
Bxe1 29.Rxe1 Qb6 30.f5 Nc7 31.Qd7 Rf8 32.fxg6 hxg6 33.Ba2 Qc6 34.Qg4 Re8 
35.Rc1 Ne6 36.Re1 Kg7 37.h4 Nd4 38.Rxe8 Qxe8 39.h5 Qe2 40.Qxe2 Nxe2+ 41.
Kf1 Nc1 42.h6+ Kxh6 43.Bxf7 Kg7 44.Bd5 Nxd3 45.Ke2 Nb4 46.Be4 Nb3 47.f4 c4
48.g4 c3 49.Ke3 c2 50.Bxc2 Nxc2+ 51.Ke4 Kf6 52.Kd3 Ncd4 53.Ke4 Ne2 54.Kf3 
Nbd4+ 55.Ke4 Ne6 56.f5 Ng3+ 57.Kf3 Nxf5 0-1

[Event "8th Essent op"]
[Site "Hoogeveen NED"]
[Date "2004.10.21"]
[Round "7.11"]
[White "Brodsky, Mikhail"]
[Black "Erwich, Marc"]
[Result "1-0"]
[WhiteElo "2533"]
[BlackElo "2336"]
[EventDate "2004.10.15"]
[PlyCount "45"]

1.Nf3 Nf6 2.c4 b6 3.g3 Bb7 4.d4 e6 5.Bg2 Be7 6.Nc3 Ne4 7.Bd2 O-O 8.Qc2 
Nxc3 9.Bxc3 d5 10.O-O Nd7 11.Rfd1 Nf6 12.Ne5 c5 13.dxc5 bxc5 14.cxd5 exd5 
15.Nc4 Qd7 16.Na5 Rac8 17.Nxb7 Qxb7 18.Qb3 Qxb3 19.axb3 d4 20.Bd2 Rb8 21.
Rxa7 Bd6 22.Ra6 Rfd8 23.Ba5 1-0

[Event "8th Essent op"]
[Site "Hoogeveen NED"]
[Date "2004.10.21"]
[Round "7.12"]
[White "Clemens, Adrian HP"]
[Black "De Vreugt, Dennis"]
[Result "0-1"]
[WhiteElo "2277"]
[BlackElo "2466"]
[EventDate "2004.10.15"]
[PlyCount "114"]

1.d4 Nf6 2.c4 e6 3.Nf3 c5 4.d5 d6 5.Nc3 exd5 6.cxd5 g6 7.h3 a6 8.a4 Qe7 9.
Bf4 Nbd7 10.e3 Bg7 11.Bd3 O-O 12.O-O Nh5 13.Bh2 f5 14.Nd2 Ne5 15.Nc4 f4 
16.exf4 Nxc4 17.Bxc4 Nxf4 18.Rc1 Bd7 19.Ne2 g5 20.a5 Rae8 21.Nxf4 gxf4 22.
Qf3 Be5 23.b3 Qd8 24.Ra1 Bxa1 25.Rxa1 Qf6 26.Rf1 Qe5 27.Bd3 Bb5 28.Bxb5 
axb5 29.Qd3 Qe2 30.Qc3 Re5 31.Bxf4 Rxd5 32.Qg3+ Kf7 33.Bxd6 Rd8 34.Bf4 Rg8
35.Qc3 Qd3 36.Qc1 Qxh3 37.Bg3 Qh5 38.Re1 Re8 39.Rxe8 Kxe8 40.Qe3+ Kd7 41.
f3 Rd1+ 42.Kf2 Qd5 43.Bf4 Rd3 44.Qe2 Rxb3 45.Bg5 Rd3 46.Qe7+ Kc6 47.Bf4 b4
48.Qc7+ Kb5 49.Qb6+ Ka4 50.a6 bxa6 51.Qxa6+ Kb3 52.Be3 c4 53.Qa1 Rd1 54.
Qa7 h5 55.Qh7 c3 56.Qh6 c2 57.Qf4 Qc4 0-1

[Event "8th Essent op"]
[Site "Hoogeveen NED"]
[Date "2004.10.21"]
[Round "7.13"]
[White "Hoeksema, Hendrik Pieter"]
[Black "Grimm, Sascha"]
[Result "1/2-1/2"]
[WhiteElo "2391"]
[BlackElo "2342"]
[EventDate "2004.10.15"]
[PlyCount "78"]

1.d4 Nf6 2.c4 c5 3.d5 e6 4.Nc3 exd5 5.cxd5 d6 6.e4 g6 7.f3 Bg7 8.Bg5 O-O 
9.Qd2 a6 10.a4 Re8 11.Nge2 Nbd7 12.Ng3 h5 13.Be2 Qa5 14.O-O c4 15.Be3 Ne5 
16.Bd4 Qb4 17.Nb1 Qxd2 18.Nxd2 h4 19.Nh1 Nh5 20.f4 Bg4 21.Rae1 Bxe2 22.
Rxe2 Nd3 23.Bxg7 Kxg7 24.Nxc4 Ndxf4 25.Re3 Rad8 26.a5 g5 27.Nf2 Nf6 28.
Rfe1 Ng6 29.Rb3 Ne5 30.Ne3 Kg6 31.Rb6 Re7 32.Rc1 Red7 33.Rc3 g4 34.Nf5 Kg5
35.Nd4 Re7 36.Kf1 Ng6 37.Nf5 Red7 38.Nd4 Re7 39.Nf5 Red7 1/2-1/2

[Event "8th Essent op"]
[Site "Hoogeveen NED"]
[Date "2004.10.21"]
[Round "7.14"]
[White "Van Leent, Dmitri"]
[Black "Spoelman, Wouter"]
[Result "0-1"]
[WhiteElo "2244"]
[BlackElo "2357"]
[EventDate "2004.10.15"]
[PlyCount "128"]

1.e4 c5 2.c3 d5 3.exd5 Qxd5 4.d4 Nf6 5.Nf3 Bg4 6.Be2 e6 7.h3 Bh5 8.O-O Nc6
9.Re1 cxd4 10.cxd4 Rd8 11.Nc3 Qd7 12.Be3 Bb4 13.Ne5 Nxe5 14.dxe5 Bxe2 15.
Qxe2 Nd5 16.Red1 Bxc3 17.bxc3 O-O 18.Qf3 Qc7 19.Bd4 Rd7 20.Rd3 Qc4 21.Rad1
Rfd8 22.Be3 h6 23.Bxh6 gxh6 24.Rd4 Qc5 25.Qg4+ Kh8 26.R1d3 Nb6 27.Rg3 Qxe5
28.Qh4 Kh7 29.Re4 Qf5 30.Rf4 Qe5 31.Rf6 h5 32.f4 Qc5+ 33.Kh2 Rg8 34.Rxg8 
Kxg8 35.Rh6 Rd1 36.Qg3+ Kf8 37.Rh8+ Ke7 38.Qh4+ Kd6 39.Qf6 h4 40.Rxh4 Qg1+
41.Kg3 Rd3+ 42.Kg4 Qxg2+ 43.Kh5 Qg6+ 44.Qxg6 fxg6+ 45.Kxg6 Rxc3 46.Rh6 Nd5
47.f5 Ne7+ 48.Kf7 Nxf5 49.Rxe6+ Kc7 50.Kf6 Nd6 51.h4 Rc2 52.Re3 Rh2 53.Kg5
Rxh4 54.Ra3 Rc4 55.Rxa7 Nb5 56.Ra8 Kb6 57.Kf5 Na7 58.Rh8 Rc2 59.Ke4 Rxa2 
60.Kd3 Nc6 61.Kc3 Ra5 62.Rh7 Rc5+ 63.Kb2 Ka6 64.Rh8 Ka5 0-1

[Event "8th Essent op"]
[Site "Hoogeveen NED"]
[Date "2004.10.21"]
[Round "7.16"]
[White "Delemarre, Jop"]
[Black "Van Kooten, Luuk"]
[Result "1-0"]
[WhiteElo "2449"]
[BlackElo "2272"]
[EventDate "2004.10.15"]
[PlyCount "65"]

1.d4 Nf6 2.c4 g6 3.Nc3 d5 4.Nf3 Bg7 5.Bg5 Ne4 6.cxd5 Nxg5 7.Nxg5 e6 8.Qd2 
exd5 9.Qe3+ Kf8 10.Qf4 Bf6 11.h4 h6 12.Nxd5 Bxg5 13.Qe5 Rh7 14.hxg5 Nc6 
15.Qe4 Bf5 16.Qf3 Nxd4 17.Qa3+ Kg7 18.Ne3 hxg5 19.Rxh7+ Kxh7 20.O-O-O Qf6 
21.Qc3 c5 22.Nxf5 Qxf5 23.e3 Nc6 24.Ba6 Ne5 25.Bxb7 Rb8 26.Ba6 f6 27.Qa5 
Rb6 28.Bb5 Rb7 29.Qa6 Rf7 30.f3 g4 31.f4 Nd7 32.Qb7 Qe6 33.Bxd7 1-0

[Event "8th Essent op"]
[Site "Hoogeveen NED"]
[Date "2004.10.21"]
[Round "7.17"]
[White "Blees, Albert"]
[Black "Vogel, Jaap"]
[Result "1/2-1/2"]
[WhiteElo "2408"]
[BlackElo "2256"]
[EventDate "2004.10.15"]
[PlyCount "86"]

1.e4 e6 2.d4 d5 3.exd5 exd5 4.c4 c6 5.Nc3 Nf6 6.Nf3 Be7 7.Bd3 O-O 8.O-O 
Bg4 9.Re1 Nbd7 10.cxd5 cxd5 11.Bf4 Bb4 12.Rc1 Rc8 13.h3 Bxf3 14.Qxf3 Qa5 
15.Bf5 Rc4 16.g4 Bxc3 17.bxc3 Qd8 18.g5 Ne4 19.Bxe4 dxe4 20.Qxe4 Nc5 21.
Qe3 Ne6 22.h4 Qa5 23.Bd6 Rfc8 24.Qe5 Qxa2 25.Qb5 Qd2 26.d5 Qd3 27.Bg3 a6 
28.Qxb7 Nd4 29.cxd4 Rxc1 30.Rxc1 Rxc1+ 31.Kh2 h5 32.d6 Qxd4 33.Qf3 Rd1 34.
Qf5 Qd5 35.Be5 Rh1+ 36.Kg3 Rg1+ 37.Kf4 Qd2+ 38.Kf3 Qd1+ 39.Ke3 Re1+ 40.Kf4
Qd2+ 41.Kg3 Qd5 42.Kf4 Qc4+ 43.Kg3 Qd5 1/2-1/2

[Event "8th Essent op"]
[Site "Hoogeveen NED"]
[Date "2004.10.21"]
[Round "7.18"]
[White "Porat, Ido"]
[Black "Van de Oudeweetering, Arthur"]
[Result "1/2-1/2"]
[WhiteElo "2260"]
[BlackElo "2383"]
[EventDate "2004.10.15"]
[PlyCount "38"]

1.d4 d5 2.c4 c6 3.Nf3 Nf6 4.e3 a6 5.Bd3 Bg4 6.cxd5 cxd5 7.h3 Bxf3 8.Qxf3 
Nc6 9.Bd2 g6 10.O-O Bg7 11.Nc3 O-O 12.Rac1 e5 13.dxe5 Nxe5 14.Qe2 d4 15.
exd4 Qxd4 16.Bb1 Rfe8 17.Rfd1 Qh4 18.Be3 Nc6 19.Qf3 Qb4 1/2-1/2

[Event "8th Essent op"]
[Site "Hoogeveen NED"]
[Date "2004.10.21"]
[Round "7.19"]
[White "Lahaye, Rick"]
[Black "Ruijgrok, Dennis"]
[Result "1/2-1/2"]
[WhiteElo "2330"]
[BlackElo "2255"]
[EventDate "2004.10.15"]
[PlyCount "51"]

1.Nf3 Nf6 2.c4 e6 3.g3 Be7 4.Bg2 O-O 5.O-O d5 6.b3 b6 7.Bb2 Bb7 8.d4 c5 9.
e3 dxc4 10.bxc4 Qc7 11.Qe2 cxd4 12.exd4 Nc6 13.Nbd2 Rac8 14.Rac1 Na5 15.d5
exd5 16.cxd5 Qd8 17.Rxc8 Bxc8 18.Nd4 Bb4 19.N2b3 Nxd5 20.Rd1 Nc3 21.Bxc3 
Bxc3 22.Nb5 Qf6 23.Nxa5 bxa5 24.Nxa7 Be6 25.Nc6 g6 26.Qb5 1/2-1/2

[Event "8th Essent op"]
[Site "Hoogeveen NED"]
[Date "2004.10.21"]
[Round "7.20"]
[White "Michielsen, Joost"]
[Black "Afek, Yochanan"]
[Result "0-1"]
[WhiteElo "2249"]
[BlackElo "2322"]
[EventDate "2004.10.15"]
[PlyCount "62"]

1.e4 e6 2.d4 d5 3.e5 c5 4.c3 Qb6 5.Nf3 Bd7 6.a3 Nc6 7.b4 cxd4 8.cxd4 Nge7 
9.Be3 Nf5 10.Bd3 Nxe3 11.fxe3 f6 12.O-O Rc8 13.exf6 gxf6 14.Nh4 Kd8 15.Kh1
Nxd4 16.Ra2 Nc6 17.Qf3 Be7 18.Qg3 Ne5 19.Bxh7 Bb5 20.Rg1 Kd7 21.Rc2 Bc4 
22.Qg7 Rxh7 23.Qxh7 Bd3 24.Qxe7+ Kxe7 25.Rxc8 Qxe3 26.Nc3 d4 27.Nd1 Qh6 
28.Nf3 Nxf3 29.gxf3 Be2 30.Rc7+ Kd6 31.Rgg7 Bxf3+ 0-1

[Event "8th Essent op"]
[Site "Hoogeveen NED"]
[Date "2004.10.21"]
[Round "7.23"]
[White "Ris, Robert"]
[Black "Boersma, Jan"]
[Result "1-0"]
[WhiteElo "2300"]
[BlackElo "2221"]
[EventDate "2004.10.15"]
[PlyCount "97"]

1.e4 e6 2.d4 d5 3.Nd2 c5 4.exd5 Qxd5 5.Ngf3 cxd4 6.Bc4 Qd6 7.O-O Nf6 8.Re1
Nc6 9.Ne4 Nxe4 10.Rxe4 Be7 11.Nxd4 e5 12.Bf4 exf4 13.Nxc6 Qxd1+ 14.Rxd1 
bxc6 15.Rde1 Kf8 16.Rxe7 Be6 17.R1xe6 fxe6 18.Rc7 h5 19.Rxc6 Rh6 20.a4 Rd8
21.Kf1 Ke7 22.Rc5 Rd7 23.Bb5 Rb7 24.b3 Kd6 25.Rc6+ Kd5 26.Rc8 e5 27.Bc4+ 
Kd6 28.Ke2 g5 29.Kd3 Re7 30.Ke4 Rhh7 31.a5 Rc7 32.Rf8 Rc5 33.a6 Rhc7 34.
Rf6+ Kd7 35.Kd3 e4+ 36.Kxe4 Ke8 37.Kd4 Ra5 38.Rh6 Rd7+ 39.Kc3 g4 40.Kb4 
Re5 41.Bb5 Rxb5+ 42.Kxb5 Rd2 43.Rh7 Rxf2 44.Rxa7 Rxc2 45.Rb7 f3 46.gxf3 
gxf3 47.a7 Ra2 48.Rb8+ Kf7 49.a8=Q 1-0

[Event "8th Essent op"]
[Site "Hoogeveen NED"]
[Date "2004.10.21"]
[Round "7.24"]
[White "Pruijssers, Roeland"]
[Black "Bensdorp, Marlies"]
[Result "1/2-1/2"]
[WhiteElo "2295"]
[BlackElo "2214"]
[EventDate "2004.10.15"]
[PlyCount "88"]

1.e4 c5 2.Nf3 Nc6 3.Bb5 g6 4.O-O Bg7 5.c3 Nf6 6.Re1 O-O 7.d4 d5 8.e5 Ne4 
9.Nbd2 cxd4 10.cxd4 Qb6 11.Bxc6 Qxc6 12.Qe2 Nxd2 13.Bxd2 Bg4 14.h3 Bxf3 
15.Qxf3 Qc4 16.Qe3 Rac8 17.a4 Qa6 18.Bb4 Rfe8 19.b3 Qe6 20.Qd3 Bh6 21.Re2 
Rc6 22.Rf1 Rec8 23.f4 Rc1 24.Rf2 Rxf1+ 25.Rxf1 Qd7 26.f5 gxf5 27.Rxf5 Rc6 
28.Qf3 Qe6 29.Qg4+ Qg6 30.Bxe7 Qxg4 31.hxg4 Be3+ 32.Kf1 Bxd4 33.Rg5+ Rg6 
34.Rxg6+ hxg6 35.Bd6 f5 36.gxf5 gxf5 37.e6 Kg7 38.Ke2 Kf6 39.e7 Kf7 40.Kf3
Bg1 41.g3 d4 42.Ke2 a6 43.Kd3 Ke8 44.Be5 Bf2 1/2-1/2

[Event "8th Essent op"]
[Site "Hoogeveen NED"]
[Date "2004.10.21"]
[Round "7.25"]
[White "Bitalzadeh, Ali"]
[Black "Hensbergen, Willem"]
[Result "1-0"]
[WhiteElo "2289"]
[BlackElo "2126"]
[EventDate "2004.10.15"]
[PlyCount "81"]

1.e4 Nf6 2.e5 Nd5 3.c4 Nb6 4.d4 d6 5.exd6 cxd6 6.Nc3 g6 7.h3 Bg7 8.Nf3 O-O
9.Be2 Nc6 10.O-O Bf5 11.Be3 d5 12.c5 Nc4 13.Bxc4 dxc4 14.Qa4 e5 15.Rfd1 
exd4 16.Nxd4 Nxd4 17.Bxd4 Bxd4 18.Qxc4 Bxf2+ 19.Kxf2 Qf6 20.Qd4 Qxd4+ 21.
Rxd4 Rfc8 22.g4 Be6 23.Ne4 b6 24.b4 Rc6 25.b5 Rc7 26.c6 a6 27.Ra4 Kg7 28.
Rc1 a5 29.g5 Rd8 30.Nf6 h6 31.h4 hxg5 32.hxg5 Kf8 33.Ke3 Bf5 34.Kf4 Rd2 
35.Rh1 Ke7 36.Rh8 Rc8 37.Re4+ Kd6 38.Rxc8 Bxc8 39.Re8 Rxa2 40.Rxc8 Rc2 41.
Rd8+ 1-0

[Event "8th Essent op"]
[Site "Hoogeveen NED"]
[Date "2004.10.21"]
[Round "7.26"]
[White "Hendriks, Willy"]
[Black "Vroombout, Enrico"]
[Result "1-0"]
[WhiteElo "2396"]
[BlackElo "2141"]
[EventDate "2004.10.15"]
[PlyCount "53"]

1.c4 Nf6 2.Nc3 g6 3.g3 Bg7 4.Bg2 d6 5.e3 e5 6.Nge2 Nc6 7.d3 O-O 8.O-O Nh5 
9.Rb1 f5 10.Nd5 Kh8 11.b4 g5 12.f4 gxf4 13.exf4 Nf6 14.Nxf6 Qxf6 15.Bb2 
Nxb4 16.d4 Qf7 17.dxe5 dxe5 18.Bxe5 Bxe5 19.fxe5 Qxc4 20.Nf4 Nc6 21.Rc1 
Qxa2 22.Bxc6 bxc6 23.Rxc6 Qb2 24.Rf2 Qxe5 25.Re2 Qb5 26.Qd4+ Kg8 27.Nh5 
1-0

[Event "8th Essent op"]
[Site "Hoogeveen NED"]
[Date "2004.10.21"]
[Round "7.27"]
[White "Struk, Jerzy"]
[Black "Doggers, Peter"]
[Result "1/2-1/2"]
[WhiteElo "2237"]
[BlackElo "2292"]
[EventDate "2004.10.15"]
[PlyCount "125"]

1.e4 c5 2.Nf3 e6 3.d4 cxd4 4.Nxd4 a6 5.Nc3 b5 6.Be2 Bb7 7.Bf3 Qc7 8.O-O d6
9.a4 b4 10.Na2 Nf6 11.Re1 e5 12.Nf5 g6 13.Ng3 Nc6 14.Be3 Be7 15.Qd2 Rb8 
16.Rad1 O-O 17.c3 b3 18.Nc1 Na5 19.Bh6 Nc4 20.Qe2 Rfe8 21.Nxb3 Bc8 22.Nd2 
Nxb2 23.Ra1 a5 24.Qe3 Kh8 25.Qe2 Bd7 26.Ngf1 Nxa4 27.c4 Nc5 28.Bg5 Ne6 29.
Be3 a4 30.Qd3 Nc5 31.Qc2 Rb4 32.h3 Reb8 33.Ra2 Qb6 34.Rea1 Bc6 35.Qc3 Kg8 
36.Kh2 Nfd7 37.Ng3 Qb7 38.Bg4 h5 39.Bxh5 gxh5 40.Nf5 Kf8 41.Bh6+ Ke8 42.
Qg3 Nf6 43.f3 Bd7 44.Nxe7 Kxe7 45.Bg5 Ne6 46.Bh4 Rh8 47.f4 exf4 48.Bxf6+ 
Kxf6 49.Qc3+ Ke7 50.Qxh8 Qb6 51.Qxh5 Qf2 52.Qf3 Qh4 53.e5 dxe5 54.Ne4 Rb3 
55.Qd1 Nd4 56.Ra3 Nf3+ 57.gxf3 Qxh3+ 58.Kg1 Rb2 59.Qd6+ Kd8 60.Qf8+ Kc7 
61.Qc5+ Kd8 62.Qf8+ Kc7 63.Qc5+ 1/2-1/2

[Event "8th Essent op"]
[Site "Hoogeveen NED"]
[Date "2004.10.21"]
[Round "7.28"]
[White "Wempe, Joost"]
[Black "Van Weersel, Arlette"]
[Result "1/2-1/2"]
[WhiteElo "2263"]
[BlackElo "2184"]
[EventDate "2004.10.15"]
[PlyCount "69"]

1.d4 Nf6 2.c4 g6 3.Nc3 d5 4.Bg5 dxc4 5.e3 Bg7 6.Bxc4 O-O 7.Nf3 c5 8.O-O 
Nc6 9.dxc5 Qa5 10.Rc1 Bg4 11.Bxf6 Bxf6 12.Qb3 Rab8 13.Ne4 Bg7 14.Neg5 e6 
15.h3 Bxf3 16.gxf3 Nd8 17.Rfd1 Qxc5 18.Nxe6 Nxe6 19.Bxe6 Qg5+ 20.Bg4 h5 
21.f4 Qf6 22.Bf3 Qxb2 23.Qxb2 Bxb2 24.Rb1 Bf6 25.Rd7 Rfd8 26.Rdxb7 Rxb7 
27.Rxb7 Rd2 28.Rxa7 Bh4 29.f5 Bxf2+ 30.Kh1 Bxe3 31.Ra8+ Kg7 32.fxg6 fxg6 
33.Ra6 Bf4 34.Be4 g5 35.Bf5 1/2-1/2

[Event "8th Essent op"]
[Site "Hoogeveen NED"]
[Date "2004.10.21"]
[Round "7.29"]
[White "Giddins, Stephen"]
[Black "Van Eijk, Sander"]
[Result "1/2-1/2"]
[WhiteElo "2248"]
[BlackElo "2203"]
[EventDate "2004.10.15"]
[PlyCount "45"]

1.d4 Nf6 2.c4 e6 3.Nc3 Bb4 4.e3 b6 5.Ne2 Ne4 6.Bd2 Nxd2 7.Qxd2 f5 8.a3 Be7
9.d5 e5 10.Ng3 d6 11.Bd3 O-O 12.f4 g6 13.O-O Nd7 14.b4 Bf6 15.Rac1 a6 16.
Bb1 Qe7 17.Kh1 Kg7 18.Bxf5 Kh8 19.Be6 Bg7 20.Nce4 Nf6 21.Bxc8 exf4 22.Be6 
fxg3 23.Nxg3 1/2-1/2

[Event "8th Essent op"]
[Site "Hoogeveen NED"]
[Date "2004.10.21"]
[Round "7.30"]
[White "Markus, John Raymond"]
[Black "Hamelink, Desiree"]
[Result "0-1"]
[WhiteElo "2219"]
[BlackElo "2227"]
[EventDate "2004.10.15"]
[PlyCount "66"]

1.d4 d5 2.Nf3 Nf6 3.e3 c6 4.c4 a6 5.a4 Bg4 6.h3 Bh5 7.Nc3 e6 8.g4 Bg6 9.
Ne5 Nbd7 10.h4 dxc4 11.Nxc4 h6 12.Bg2 Bb4 13.a5 Qc7 14.h5 Bh7 15.O-O O-O 
16.f4 Nd5 17.e4 Nxc3 18.bxc3 Bxc3 19.Ra3 Bb4 20.Rb3 Bxa5 21.g5 Kh8 22.gxh6
gxh6 23.d5 cxd5 24.Nxa5 Qxa5 25.Rxb7 Qc5+ 26.Kh1 Qc6 27.Bb2+ f6 28.Qb3 Nc5
29.Rxh7+ Kxh7 30.Qg3 Rg8 31.Qh4 Nxe4 32.Bxe4+ dxe4 33.Rc1 Qb7 0-1

[Event "8th Essent op"]
[Site "Hoogeveen NED"]
[Date "2004.10.21"]
[Round "7.31"]
[White "Potze, Rudolf"]
[Black "Ahlers, Ben"]
[Result "1-0"]
[WhiteElo "2129"]
[BlackElo "2223"]
[EventDate "2004.10.15"]
[PlyCount "81"]

1.e4 d6 2.d4 Nf6 3.Nc3 g6 4.Be3 Bg7 5.h3 c6 6.Qd2 Nbd7 7.Nf3 O-O 8.Bh6 b5 
9.Bd3 e5 10.Bxg7 Kxg7 11.O-O Nh5 12.dxe5 dxe5 13.Ne2 Qf6 14.a4 bxa4 15.
Rxa4 c5 16.Qc3 Bb7 17.Ra5 Rfd8 18.Rfa1 a6 19.Qb3 Rab8 20.Qc3 Kg8 21.Nh2 
Qg5 22.Nf3 Qf6 23.b3 Ng7 24.Nd2 Ne6 25.Bxa6 Nd4 26.Nxd4 exd4 27.Qg3 Bc6 
28.Bd3 Qe7 29.Ra7 Rdc8 30.Rc7 Qf6 31.Rxc8+ Rxc8 32.Nc4 Re8 33.Ra6 Re6 34.
f3 h5 35.Qc7 Bb5 36.Ra7 Kh7 37.Nb2 Bc6 38.Bc4 Re7 39.Nd3 Kg7 40.Nxc5 Ne5 
41.Qxe7 1-0

[Event "8th Essent op"]
[Site "Hoogeveen NED"]
[Date "2004.10.21"]
[Round "7.32"]
[White "Galje, Hans"]
[Black "Brady, Stephen"]
[Result "1/2-1/2"]
[WhiteElo "2115"]
[BlackElo "2342"]
[EventDate "2004.10.15"]
[PlyCount "120"]

1.d4 e6 2.c4 Nf6 3.Nc3 Bb4 4.e3 b6 5.Ne2 Ba6 6.a3 Be7 7.Nf4 d5 8.cxd5 Bxf1
9.Kxf1 Nxd5 10.Qf3 c6 11.g3 O-O 12.Kg2 Nd7 13.Rd1 Qc8 14.e4 N5f6 15.Be3 
Rd8 16.Rac1 Qb7 17.e5 Nd5 18.Ncxd5 cxd5 19.Qg4 Nxe5 20.dxe5 d4+ 21.Qf3 
Qxf3+ 22.Kxf3 dxe3 23.Kxe3 Bc5+ 24.Ke2 Kf8 25.Nd3 Bd4 26.f4 a5 27.Rc7 Rd5 
28.Rdc1 Rad8 29.Rc8 Ke7 30.h3 h5 31.Rxd8 Kxd8 32.Rc4 Kd7 33.Rc1 Rb5 34.b4 
a4 35.Rc4 Ba1 36.Rc1 Bd4 37.Rc4 Bg1 38.g4 hxg4 39.hxg4 Rd5 40.Rc1 Bd4 41.
Rh1 g5 42.Rh7 Ke8 43.Rh8+ Ke7 44.fxg5 Bxe5 45.Ra8 Bc7 46.Rg8 Bd8 47.g6 
fxg6 48.Rxg6 Kf7 49.Rh6 Bf6 50.Rh7+ Bg7 51.Nf4 Re5+ 52.Kf3 Kg8 53.Rh1 Bf6 
54.Rd1 b5 55.Rd6 Bg5 56.Rxe6 Rxe6 57.Nxe6 Bc1 58.Nd4 Bxa3 59.Nxb5 Bxb4 60.
Ke4 a3 1/2-1/2

[Event "8th Essent op"]
[Site "Hoogeveen NED"]
[Date "2004.10.21"]
[Round "7.33"]
[White "O'Cinneide, Mel"]
[Black "Cako, Laszlo"]
[Result "1-0"]
[WhiteElo "2268"]
[BlackElo "2137"]
[EventDate "2004.10.15"]
[PlyCount "67"]

1.c4 Nf6 2.Nc3 e6 3.e4 d5 4.e5 d4 5.exf6 dxc3 6.bxc3 Qxf6 7.Nf3 e5 8.Bd3 
g6 9.O-O Nd7 10.Re1 Bg7 11.Ba3 c5 12.Be4 O-O 13.Rb1 Qa6 14.Qb3 Rb8 15.Bd5 
Qa5 16.d4 exd4 17.cxd4 Qc7 18.dxc5 Nxc5 19.Qe3 Ne6 20.Qxa7 Rd8 21.Qe3 Bd7 
22.Ng5 Re8 23.Ne4 Qa5 24.Nd6 Bd4 25.Qg3 Red8 26.h4 Ra8 27.Bb4 Qc7 28.Qf3 
Bc6 29.Nxf7 Bxd5 30.cxd5 Nf4 31.Nxd8 Rxa2 32.Re8+ Kg7 33.Bf8+ Kf6 34.Re6+ 
1-0

[Event "8th Essent op"]
[Site "Hoogeveen NED"]
[Date "2004.10.21"]
[Round "7.34"]
[White "Hulshof, Peter"]
[Black "Knol, Geon"]
[Result "1-0"]
[WhiteElo "2209"]
[BlackElo "2110"]
[EventDate "2004.10.15"]
[PlyCount "85"]

1.e4 c6 2.d4 d5 3.e5 Na6 4.f4 g6 5.Nf3 Bg4 6.Be2 Bxf3 7.Bxf3 h5 8.Be3 Nh6 
9.O-O Nf5 10.Bf2 h4 11.Bg4 e6 12.Nd2 Bh6 13.Bxf5 gxf5 14.Qf3 Bf8 15.h3 Rc8
16.b3 Ba3 17.c4 Qa5 18.Qe2 Kd7 19.Nf3 Be7 20.a3 Qb6 21.Rfb1 Rh7 22.c5 Qd8 
23.b4 Nc7 24.a4 a6 25.b5 axb5 26.axb5 Ra8 27.Rxa8 Qxa8 28.bxc6+ bxc6 29.
Qe1 Nb5 30.Ra1 Qb7 31.Rb1 Bd8 32.Bxh4 Bxh4 33.Nxh4 Qa8 34.Nf3 Qa4 35.Qg3 
Nxd4 36.Qg8 Nxf3+ 37.Kh1 Qb5 38.Rxb5 cxb5 39.Qxh7 Nd4 40.Qxf7+ Kc6 41.Qe7 
b4 42.Qd6+ Kb5 43.Qb6+ 1-0

[Event "8th Essent op"]
[Site "Hoogeveen NED"]
[Date "2004.10.21"]
[Round "7.35"]
[White "Rooda, Kai P"]
[Black "Van der Veen, Jan"]
[Result "0-1"]
[WhiteElo "2165"]
[BlackElo "2122"]
[EventDate "2004.10.15"]
[PlyCount "82"]

1.e4 c5 2.c4 Nc6 3.Nc3 g6 4.g3 Bg7 5.Bg2 d6 6.Nge2 Rb8 7.O-O a6 8.a4 Nf6 
9.d4 cxd4 10.Nxd4 Nxe4 11.Nxc6 Nxc3 12.Nxd8 Nxd1 13.Rxd1 Kxd8 14.c5 Bg4 
15.f3 Bd7 16.cxd6 exd6 17.Rxd6 Ke7 18.Rd2 Rhe8 19.Rd1 Bc6 20.Bf4 Rbd8 21.
Bg5+ f6 22.Rxd8 Kxd8 23.Bf4 f5 24.Rd1+ Kc8 25.b3 Re2 26.Rd3 h6 27.Bd2 Kc7 
28.Kf1 Re6 29.Be3 a5 30.f4 Bxg2+ 31.Kxg2 Rc6 32.Kf3 Rc2 33.h4 h5 34.Bd2 b6
35.Be3 Bf6 36.Bd2 Kc6 37.Be3 Kc7 38.Bxb6+ Kxb6 39.Rd6+ Rc6 40.Rd7 Rc3+ 41.
Kf2 Rc2+ 0-1

[Event "8th Essent op"]
[Site "Hoogeveen NED"]
[Date "2004.10.21"]
[Round "7.37"]
[White "Kleijn, Christov"]
[Black "Dogge, Marc"]
[Result "1-0"]
[WhiteElo "2007"]
[BlackElo "2202"]
[EventDate "2004.10.15"]
[PlyCount "71"]

1.e4 c5 2.Nf3 e6 3.d4 cxd4 4.Nxd4 Nf6 5.Nc3 d6 6.Be3 Be7 7.f3 a6 8.Qd2 Qc7
9.g4 Nfd7 10.h4 Nc6 11.g5 Nde5 12.Qf2 Na5 13.O-O-O Nac4 14.Bxc4 Nxc4 15.
Nb3 b5 16.Nd2 Rb8 17.Nxc4 Qxc4 18.Rd4 Qc6 19.Rd3 b4 20.Ne2 e5 21.Ng3 Be6 
22.b3 a5 23.f4 exf4 24.Bxf4 a4 25.Qd4 Rc8 26.Rh2 Qc5 27.Nf5 Bxf5 28.exf5 
O-O 29.Re2 axb3 30.axb3 Qc6 31.f6 Bd8 32.Qxd6 Qh1+ 33.Rd1 Qxh4 34.fxg7 
Kxg7 35.Rh2 Qg4 36.Qh6+ 1-0

[Event "8th Essent op"]
[Site "Hoogeveen NED"]
[Date "2004.10.22"]
[Round "8.2"]
[White "Smeets, Jan"]
[Black "Khenkin, Igor"]
[Result "1/2-1/2"]
[WhiteElo "2515"]
[BlackElo "2587"]
[EventDate "2004.10.15"]
[PlyCount "102"]

1.e4 c6 2.d4 d5 3.Nc3 dxe4 4.Nxe4 Bf5 5.Ng3 Bg6 6.h4 h6 7.Nf3 Nd7 8.h5 Bh7
9.Bd3 Bxd3 10.Qxd3 e6 11.Bf4 Qa5+ 12.Bd2 Bb4 13.c3 Be7 14.c4 Qa6 15.O-O 
Ngf6 16.Rfe1 Rd8 17.Qe2 O-O 18.Ne5 c5 19.Bc3 cxd4 20.Bxd4 Nxe5 21.Bxe5 Qa5
22.Qf3 Rd7 23.Bc3 Qa6 24.Ne4 Nxe4 25.Qxe4 Rc8 26.Rad1 Rxd1 27.Rxd1 Qxc4 
28.Qxb7 Bf6 29.Bxf6 gxf6 30.Qxa7 Rc5 31.a4 Rxh5 32.Qd4 Qe2 33.Ra1 Kg7 34.
b4 Rd5 35.Qc3 Rd1+ 36.Rxd1 Qxd1+ 37.Kh2 Qxa4 38.Qc5 h5 39.b5 Qf4+ 40.Kg1 
Qe4 41.b6 e5 42.Qb5 Qe1+ 43.Kh2 Qxf2 44.Qb4 e4 45.b7 Qf4+ 46.Kg1 Qe3+ 47.
Kf1 Qd3+ 48.Ke1 Qe3+ 49.Kf1 Qd3+ 50.Ke1 Qe3+ 51.Kf1 Qf4+ 1/2-1/2

[Event "8th Essent op"]
[Site "Hoogeveen NED"]
[Date "2004.10.22"]
[Round "8.4"]
[White "Goloshchapov, Alexander"]
[Black "Ernst, Sipke"]
[Result "1-0"]
[WhiteElo "2566"]
[BlackElo "2521"]
[EventDate "2004.10.15"]
[PlyCount "91"]

1.e4 c6 2.d4 d5 3.e5 Bf5 4.Be3 Qb6 5.Qc1 e6 6.c4 Bxb1 7.Rxb1 Bb4+ 8.Kd1 
dxc4 9.Nf3 Qd8 10.Qxc4 Ba5 11.Bd3 Ne7 12.b4 Bb6 13.Ke2 Nd7 14.Rhd1 Nd5 15.
Bd2 f6 16.exf6 Qxf6 17.Kf1 O-O 18.Re1 Bc7 19.Re4 Bf4 20.Bxf4 Nxf4 21.Rxf4 
Qxf4 22.Qxe6+ Rf7 23.Bc4 Nb6 24.Qxf7+ Qxf7 25.Bxf7+ Kxf7 26.Rb3 Rd8 27.a3 
Kf6 28.Ke2 Rd5 29.Kd3 Rf5 30.Nd2 Ke7 31.f3 Rh5 32.Nf1 Nd5 33.g3 Rh6 34.Rb2
Kd7 35.Re2 Rf6 36.Nd2 Kc7 37.f4 Kb6 38.Ne4 Re6 39.Nc3 Rh6 40.Nxd5+ cxd5 
41.a4 Kc6 42.f5 Kd7 43.h4 Rb6 44.b5 a6 45.Re5 Rd6 46.Ke3 1-0

[Event "8th Essent op"]
[Site "Hoogeveen NED"]
[Date "2004.10.22"]
[Round "8.6"]
[White "De Vreugt, Dennis"]
[Black "Porat, Shay"]
[Result "1-0"]
[WhiteElo "2466"]
[BlackElo "2421"]
[EventDate "2004.10.15"]
[PlyCount "89"]

1.e4 e6 2.d4 d5 3.Nc3 Nf6 4.Bg5 Bb4 5.e5 h6 6.Be3 Ne4 7.Qg4 Kf8 8.a3 Bxc3+
9.bxc3 c5 10.Bd3 h5 11.Qf3 Qa5 12.Ne2 cxd4 13.Bxd4 Nc6 14.Qe3 b6 15.O-O 
Bb7 16.Rfb1 Nxd4 17.Qxd4 Qc5 18.f3 Qxd4+ 19.cxd4 Nd2 20.Rb4 Ke7 21.a4 Rhc8
22.a5 Nc4 23.Kf2 Rc7 24.Bxc4 Rxc4 25.Rxc4 dxc4 26.axb6 axb6 27.Rxa8 Bxa8 
28.h4 Kd7 29.Ke3 Kc6 30.Kd2 Kb5 31.Kc3 g6 32.Nf4 Bc6 33.Nh3 Bd5 34.Ng5 Ka4
35.Kb2 b5 36.c3 b4 37.Nxf7 Bc6 38.Ng5 Bd5 39.Nh3 b3 40.Nf4 Kb5 41.Nxg6 Kc6
42.Nf4 Kd7 43.Nxd5 exd5 44.g4 Ke6 45.gxh5 1-0

[Event "8th Essent op"]
[Site "Hoogeveen NED"]
[Date "2004.10.22"]
[Round "8.7"]
[White "Spoelman, Wouter"]
[Black "Baklan, Vladimir"]
[Result "1-0"]
[WhiteElo "2357"]
[BlackElo "2591"]
[EventDate "2004.10.15"]
[PlyCount "91"]

1.e4 g6 2.d4 Bg7 3.Nc3 c6 4.Be3 Qb6 5.a3 d6 6.h3 Nf6 7.Nf3 O-O 8.Bd3 Nbd7 
9.O-O Qc7 10.Re1 e5 11.Bf1 Re8 12.Qd2 b6 13.Rad1 Bb7 14.dxe5 dxe5 15.Bc4 
b5 16.Bb3 a5 17.Ng5 Re7 18.Qd6 Qxd6 19.Rxd6 Rf8 20.Red1 h6 21.Nf3 Rc8 22.
a4 b4 23.Ne2 c5 24.Nd2 Ne8 25.Rd3 Nb6 26.Nc4 Nxc4 27.Bxc4 Bxe4 28.Rd8 Bxc2
29.Rxc8 Bxd1 30.Bb5 Bf8 31.Bxe8 Bxe2 32.Bb5 Bxb5 33.axb5 Rb7 34.Bxc5 Rxb5 
35.Bxf8 Kh7 36.Rc5 Rxc5 37.Bxc5 Kg7 38.b3 Kf6 39.Kf1 Ke6 40.Ke2 Kd5 41.Bb6
a4 42.bxa4 e4 43.Be3 Kc4 44.Bxh6 b3 45.Bg7 Kb4 46.g4 1-0